Explicitación de concepciones de conocimiento y reorganización del sujeto epistémico en el salón de clase: una experiencia de docencia investigación a nivel de postgrado en educación
Tallennettuna:
| Päätekijä: | |
|---|---|
| Aineistotyyppi: | Kirja |
| Kieli: | espanja |
| Julkaistu: |
Bogotá
Universidad Pedagógica Nacional
1995
|
| Aiheet: | |
| Tagit: |
Lisää tagi
Ei tageja, Lisää ensimmäinen tagi!
|
MARC
| LEADER | 00000nam a2200000 a 4500 | ||
|---|---|---|---|
| 001 | UCP2389 | ||
| 003 | CL-VaPUC | ||
| 008 | 990514e19950000CK |||||||||||||||||spa|d | ||
| 082 | 0 | 4 | |a 370.1 |b PER |2 21 |
| 100 | 0 | |a Perafán Echeverri, Gerardo Andrés |e author |9 429101 | |
| 245 | 1 | 0 | |a Explicitación de concepciones de conocimiento y reorganización del sujeto epistémico en el salón de clase: una experiencia de docencia investigación a nivel de postgrado en educación |
| 300 | |a 97 p | ||
| 942 | |c BK | ||
| 945 | |d 19990514 00:00:00 |a rbrito | ||
| 260 | |a Bogotá |b Universidad Pedagógica Nacional |c 1995 | ||
| 650 | 0 | |a Filosofía de la educación |9 258384 | |
| 583 | |a last modification |c 19990514 00:00:00 |k Rodrigo Vera | ||
| 999 | |c 280927 |d 280925 | ||
| 952 | |0 0 |1 0 |4 0 |6 370_100000000000000_PER_1995 |7 0 |8 P |9 321468 |a BIBEDU |b BIBEDU |c BIBEDU_PB |d 2019-11-20 |i 3517284 |o 370.1 PER 1995 |p 3517284 |r 2024-01-25 |w 2019-11-20 |y BK |k BME | ||